000
00328 a2200145 4500
001
152495
040
_c
Escola São Tomás de Aquino
100
_a
ANDRADE, Carlos Drummond de
240
1
0
_a
Sentimento do mundo
_l
por
245
1
0
_a
Sentimento do mundo
362
0
_a
2001
440
1
_a
Record
697
_a
Poesia
942
_c
BK
999
_c
152495
_d
152495